000
00252nam a2200109Ia 4500
008
220204s9999 xx 000 0 und d
082
_a
001
_b
SIN
100
_a
Singh, H K
245
0
_a
Science and our age
260
_a
Bombay
_b
Allied
_c
1978
942
_c
BK
999
_c
27703
_d
27703